| 000 | 01095nam a22001817a 4500 | ||
|---|---|---|---|
| 003 | OSt | ||
| 005 | 20251117163543.0 | ||
| 008 | 251117b |||||||| |||| 00| 0 eng d | ||
| 040 | _cDCL | ||
| 082 | _a၂၉၄.၃၈၂၃၅၇၁ | ||
| 130 |
_aတိပိဋက။ _pသုတ္တန္တပိဋက။ _pခုဒ္ဒကနိကာယ။ _tစရိယာပိဋက၊ _lအဋ္ဌကထာ၊ _sနိဿယ။ |
||
| 245 |
_aစရိယာပိဋကအဋ္ဌကထာနိဿယသစ်၊ _nဒုတိယတွဲ / _cဒေါက်တာဘဒ္ဒန္တထေရိန္ဒ။ |
||
| 264 |
_aရန်ကုန် ၊ _bနိုင်ငံတော်ပရိယတ္တိသာသနာ့တက္ကသိုလ်၊ _c၂၀၁၉။ |
||
| 300 |
_aကံ၊ ၅၈၉ စာမျက်နှာ ၊ _c၂၅ စင်တီ။ |
||
| 650 |
_aစရိယပိဋက _vအဋ္ဌကထာ နိဿယ။ |
||
| 700 | _aထေရိန္ဒ၊ ဘဒ္ဒန္တ၊ ဒေါက်တာ- | ||
| 942 |
_2ddc _cSHORT TERM _n0 |
||
| 999 |
_c2518 _d2518 |
||